Fundamentals of nursing (رقم التسجيلة. 1023)
[ عرض عادي ]
| 000 -الفاتح | |
|---|---|
| حقل البيانات ثابتة الطول | 00764cam a2200265Ia 4500 |
| 001 - رقم الضبط | |
| رقم الضبط | 57446439 |
| 003 - محدد رقم الضبط | |
| رقم الضبط | OCoLC |
| 005 - وقت وتاريخ اخر تعامل مع التسجيلة | |
| رقم الضبط | 20150408113725.0 |
| 006 - عناصر البيانات ثابتة الطول - خصائص المادة الاضافية-معلومات عامة | |
| حقل البيانات ثابتة الطول | m i |
| 008 - عناصر البيانات ثابتة الطول - معلومات عامة | |
| حقل البيانات ثابتة الطول | 050119s2004 njua b 001 0 eng d |
| 020 ## - الرقم الدولى المعيارى للكتب | |
| الرقم الدولى المعيارى للكتاب | 0131228781 |
| 040 ## - مصدر الفهرسة | |
| وكالة الفهرسة الأصلية | EQF |
| وكالة النسخ | EQF |
| وكالة التعديل | OCLCQ |
| 092 ## - رقم استدعاء ديوى المحلى | |
| رقم التصنيف | 610.73 |
| 100 1# - المدخل الرئيسى - إسم شخصى | |
| الإسم الشخصى | Kozier, Barbara. |
| 9 (RLIN) | 5069 |
| 245 10 - بيان العنوان | |
| العنوان | Fundamentals of nursing |
| بقية العنوان | concepts, process, and practice / |
| بيان المسئوليه,etc | Barbara Kozier ... [et al.] |
| 250 ## - بيان الطبعة | |
| بيان الطبعة | 7th ed. |
| 260 ## - PUBLICATION, DISTRIBUTION, ETC. (IMPRINT) | |
| مكان الناشر او الموزع | Upper Saddle River, N.J. |
| اسم الناشر او الموزع | Pearson Education International, |
| تاريخ النشر أو التوزيع | 2004. |
| 300 ## - الوصف المادى | |
| تفاصيل ماديه اخرى للوعاء | ill. (chiefly col.) ; |
| أبعاد الوعاء | 29 cm. + |
| المادة المصاحبة | 1 CD-ROM (4 3/4 in.) |
| التعداد | In |
| 504 ## - تبصرة ببليوجرافية | |
| تبصرة ببليوجرافية,الخ | Ac |
| 520 ## - التبصرة الخاصة بالتعليق أو التلخيص | |
| ملخص,الخ | Mi |
| 538 ## - تبصرة تفاصيل النظام | |
| تبصرة التفاصيل الفنية لملف الحاسب | Nurs |
| 650 ## - المدخل الاضافى بالموضوع-مصطلح موضوعى | |
| مصطلح موضوعي أو اسم جغرافي كعنصر مدخل | Nursing |
| 650 ## - المدخل الاضافى بالموضوع-مصطلح موضوعى | |
| التقسيم الفرعي العام | Practice.\\ |
| 9 (RLIN) | 5071 |
| 942 ## - عناصر المدخل الإضافي( كوها) | |
| مصدر التصنيف او مخطط الترفيف | Dewey Decimal Classification |
| Koha [default] item type | كتاب |
| حالة الفقد | نموذج السعر الفعال | حالة تلف | ليس للاعارة | رقم الطلب | تاريخ الاكتساب | الموقع الحالي | الباركود | الفرع الرئيسي | Date last seen | نوع المادة فى نظام كوها | مصدر التصنيف او خطة الترفيف | Total Checkouts |
|---|---|---|---|---|---|---|---|---|---|---|---|---|
| 2013-03-10 | 610.73 K B F | 2011-10-26 | المكتبة المركزية بالمجمعة (CL) | 00050052 | المكتبة المركزية بالمجمعة (CL) | 2013-03-10 | كتاب | Dewey Decimal Classification | ||||
| 2013-03-10 | 610.73 K B F | 2011-10-26 | المكتبة المركزية بالمجمعة (CL) | 00050053 | المكتبة المركزية بالمجمعة (CL) | 2013-03-10 | كتاب | Dewey Decimal Classification | ||||
| 2013-03-10 | 610.73 K B F | 2011-10-26 | المكتبة المركزية بالمجمعة (CL) | 00050054 | المكتبة المركزية بالمجمعة (CL) | 2013-03-10 | كتاب | Dewey Decimal Classification |
